Song By Music Video #2 - Statistics

General Stats
  • This quiz has been taken 43 times
  • The average score is 9 of 20
Answer Stats
Picture Hint Answer % Correct
Outkast Hey Ya!
88%
Smash Mouth All Star
80%
Evanescence Bring Me To Life
73%
Shakira Hips Don't Lie
63%
Macklemore & Ryan Lewis Thrift Shop
60%
Michael Jackson Beat It
58%
The Killers Mr. Brightside
58%
Twenty One Pilots Stressed Out
55%
LMFAO Party Rock Anthem
53%
Katy Perry Last Friday Night (T.G.I.F)
45%
Madness Our House
43%
Bryant Oden The Duck Song
43%
AC/DC Thunderstruck
43%
Harry Styles As It Was
35%
Gorillaz Feel Good Inc.
35%
Wheatus Teenage Dirtbag
35%
Pitbull Give Me Everything
13%
UB40 Kingston Town
5%
Sigma Nobody To Love
5%
Scouting For Girls She's So Lovely
5%
No matching quizzes found
Score Distribution
Percent of People with Each Score
Percentile by Number Answered
Your Score History
You have not taken this quiz